Detalles MARC
| 000 -LIDER |
| fixed length control field |
03432nam a2200421 a 4500 |
| 001 - NÚMERO DE CONTROL |
| Identificador de número de control |
0000294 |
| 003 - IDENTIFICACDOR DE NÚMERO DE CONTROL |
| control field |
DO-SdBNP |
| 005 - DATE AND TIME OF LATEST TRANSACTION |
| control field |
20180312101919.0 |
| 007 - CAMPOS FIJOS DE DESCRIPCIÓN FÍSICA |
| fixed length control field |
0000294 |
| 008 - ELEMENTOS DE LONGITUD FIJA |
| fixed length control field |
150130s2014 dr ac 000 0 spa d |
| 020 ## - ISBN |
| International Standard Book Number |
9789945119053 (v. 1) |
| 020 ## - ISBN |
| International Standard Book Number |
9789945119022 (v. 2) |
| 020 ## - ISBN |
| International Standard Book Number |
9789945118995 (v. 3) |
| 040 ## - FUENTE DE CATALOGACIÓN |
| Agencia que crea de manera original el registro |
BPMSU |
| Idioma de catalogación |
spa |
| Agencia que realiza la transcripción |
BPMSU |
| 092 ## - LOCALLY ASSIGNED DEWEY DECIMAL CALL NUMBER |
| Número de clasificación |
372.83 |
| Número de ítem (Cutter) |
C238c, 1ro. 2014 |
| 100 1# - ASIENTO PRINCIPAL -- NOMBRE PERSONAL |
| Nombre personal |
Capellán Almonte, Fanny |
| 245 10 - MENCIÓN DE TITULO |
| Título |
Ciencias sociales 1 : |
| Subtítulo |
educación primaria / |
| Mención de responsabilidad |
Fanny Capellán Almonte ; dirección editorial Claudia Llibre ; ilustración Ruddy Núñez |
| 260 ## - PUBLICACIÓN, DISTRIBUCIÓN, ETC. (PIE DE IMPRENTA) |
| Lugar de publicación, distribución, etc |
Santo Domingo : |
| Nombre del editor, distribuidor, etc. |
Santillana, |
| Fecha de publicación, distribución, etc |
2014. |
| 300 ## - DESCRIPCIÓN FÍSICA |
| Extensión |
v. : |
| Otros detalles físicos |
il., retrs., mapas ; |
| Dimensiones |
29 cm.+ |
| Material complementario |
CD-ROM |
| 490 1# - MENCIÓN DE SERIES |
| Mención de serie |
Proyecto todos juntos |
| 500 ## - NOTA GENERAL |
| Nota general |
La biblioteca posee el libro texto, guía y cuaderno . |
| 500 ## - NOTA GENERAL |
| Nota general |
La biblioteca posee libro texto, la guía y cuaderno. Se utilizó el cutter del libro de texto para reunir los 3 volumenes en la estantaria. |
| 505 0# - NOTA DE CONTENIDO |
| Información miscelánea |
v. 1 : |
| -- |
Bloque 1 -- |
| Título |
El entorno social / |
| -- |
Mi familia y yo -- |
| -- |
Mi casa y mi calle -- |
| -- |
Mi escuela -- |
| -- |
Mi comunidad -- |
| Información miscelánea |
Bloque 2 -- |
| Título |
El ser humano y el entorno natural / |
| -- |
Mis necesidades básicas -- |
| -- |
El tiempo y el espacio -- |
| -- |
El espacio natural -- |
| -- |
Mi país -- |
| Información miscelánea |
Proyecto del bloque 1-- |
| Título |
La familia, la escuela y la comunidad / |
| -- |
Competencia desarrollo personal y espiritual; elabora un álbum familiar -- |
| -- |
Competencia ética y ciudadana; elaborar un cartel sobre las casas de mi calle -- |
| -- |
Competencia pensamiento lógico, crítico y creativo; elaborar un portalápices -- |
| -- |
Competencia ética y ciudadana; un collage del paisaje natural de mi comunidad -- |
| Información miscelánea |
Proyecto del bloque 2 -- |
| Título |
El espacio natural y social / |
| -- |
Competencia ambiental y de la salud; un desayuno sano para compartir -- |
| -- |
Competencia pensamiento lógico, crítico y creativo; una agenda para organizar mi tiempo -- |
| -- |
Competencia ética y ciudadana ; reutilizar, reciclar y cuidar la naturaleza -- |
| -- |
Competencia ética y ciudadana ; mural sobre la identidad dominicana / |
| Mención de responsabilidad |
Fanny Capellán Almonte -- |
| 505 0# - NOTA DE CONTENIDO |
| Información miscelánea |
v. 2 : |
| Título |
Un proyecto bien fundamentado -- |
| -- |
Las claves del proyecto -- |
| -- |
El proyecto todos juntos en el nuevo sistema curricular -- |
| -- |
Los instrumentos del nuevo sistema curricular -- |
| -- |
Las competencias e indicadores de logro para las ciencias sociales en el segundo curso del nivel primario -- |
| -- |
Secuencia de contenidos del primer ciclo del nivel primario -- |
| -- |
Materiales para el estudiante -- |
| -- |
Materiales para el docente -- |
| -- |
El libro de texto del alumno -- |
| -- |
Los proyectos de investigación -- |
| -- |
El cuaderno de fichas de actividades -- |
| -- |
La guía didáctica -- |
| -- |
El libromedia -- |
| -- |
Mapa de contenidos / |
| Mención de responsabilidad |
Ana Iris Almonte Ysiano |
| 505 0# - NOTA DE CONTENIDO |
| Información miscelánea |
v. 3 |
| Título |
Mi familia y yo -- |
| -- |
Mi casa y mi calle -- |
| -- |
La escuela -- |
| -- |
Mi comunidad -- |
| -- |
Mis necesidades básicas -- |
| -- |
El tiempo y el espacio -- |
| -- |
El espacio cultural -- |
| -- |
Mi país / |
| Mención de responsabilidad |
Fanny Capellán Almonte -- |
| 650 #4 - ENCABEZAMIENTO DE MATERIA--TEMÁTICO |
| Término temático o nombre geográfico como elemento de entrada |
CIENCIAS SOCIALES |
| Subdivisión temática general |
ENSEÑANZA BÁSICA |
| 650 #4 - ENCABEZAMIENTO DE MATERIA--TEMÁTICO |
| Término temático o nombre geográfico como elemento de entrada |
CIENCIAS SOCIALES |
| Subdivisión temática general |
EDUCACIÓN PRIMARIA |
| 650 ## - ENCABEZAMIENTO DE MATERIA--TEMÁTICO |
| Término temático o nombre geográfico como elemento de entrada |
EDUCACIÓN PRIMARIA |
| Subdivisión geográfica |
REPÚBLICA DOMINICANA |
| 650 ## - ENCABEZAMIENTO DE MATERIA--TEMÁTICO |
| Término temático o nombre geográfico como elemento de entrada |
CIENCIAS SOCIALES |
| Subdivisión temática general |
LIBROS DE TEXTO |
| 650 ## - ENCABEZAMIENTO DE MATERIA--TEMÁTICO |
| Término temático o nombre geográfico como elemento de entrada |
CIENCIAS SOCIALES |
| Subdivisión temática general |
ESTUDIOS Y EJERCICIOS |
| 700 12 - ASIENTO SECUNDARIO -- NOMBRE PERSONAL |
| Nombre personal |
Llibre, Claudia |
| Mención de responsabilidad |
ed. |
| 700 12 - ASIENTO SECUNDARIO -- NOMBRE PERSONAL |
| Nombre personal |
Núñez, Ruddy |
| Mención de responsabilidad |
il. |
| 830 #0 - ASIENTO SECUNDARIO DE SERIE--TÍTULO UNIFORME |
| Título uniforme |
Proyecto todos juntos |
| 910 ## - VALIDACIÓN |
| Validación |
Validado. Control de calidad MFF |
| 942 ## - ADDED ENTRY ELEMENTS (KOHA) |
| Source of classification or shelving scheme |
Dewey Decimal Classification |
| Koha item type |
Libros |
| 945 ## - INFORMACIÓN DE PROCESAMIENTO LOCAL |
| Información de procesamiento local |
Remanejada para la BNPHU 2018 / BT |
| 956 ## - LOCAL ELECTRONIC LOCATION AND ACCESS (OCLC) |
| Nombre de host |
YLOCKWARD |
| Número de acceso |
10 |